Statystyki dla Państwa najbliższe Holandii.

Kliknij tutaj aby rozwiązać quiz!

Ogólne statystyki

  • Ten quiz został rozwiązany 120 razy
  • Średni wynik to 18 z 20

Statystyki odpowiedzi

kmPaństwa% Poprawnych
0Belgia
100%
0Niemcy
100%
53Francja
99%
462Polska
99%
64Luksemburg
97%
213Dania
95%
133Wielka Brytania
94%
414Czechy
93%
445Austria
92%
807Słowacja
92%
366Szwajcaria
92%
502Włochy
92%
492Norwegia
91%
454Szwecja
91%
662Irlandia
85%
466Liechtenstein
85%
820Węgry
83%
728Słowenia
79%
802Chorwacja
76%
797Monako
68%

Rozkład punktacji

Percentyl według liczby udzielonych odpowiedzi

Procent ludzi z każdym wynikiem

Twoja historia wyników

Nie rozwiązałeś tego quizu